[Event "Figueira da Foz op 17th"]
[Site "Figueira da Foz"]
[Date "2023.11.10"]
[Round "7"]
[White "Namini, Armin"]
[Black "Walter, Szymon"]
[Result "0-1"]
[WhiteElo "2187"]
[BlackElo "2328"]
[PlyCount "78"]
[EventDate "2023.11.05"]
[EventType "swiss"]
[EventRounds "9"]
[EventCountry "POR"]
[SourceTitle "CB46_2023"]
[SourceDate "2023.11.15"]
[SourceVersion "1"]
[SourceVersionDate "2023.11.15"]
[SourceQuality "1"]

1. c4 Nf6 2. Nc3 g6 3. e4 d6 4. d4 Bg7 5. h3 0-0 6. Nf3 c5 7. d5 e6 8. Bd3 exd5 9. cxd5 Re8 10. 0-0 a6 11. a4 Qc7 12. Re1 Nbd7 13. Bf4 Rb8 14. Bh2 c4 15. Bf1 Ne5 16. Nxe5 dxe5 17. a5 Bd7 18. Qd2 Bf8 19. Na4 Bb5 20. Kh1 Bd6 21. f3 Qe7 22. Red1 Nd7 23. Qh6 Rbc8 24. h4 Qd8 25. h5 Qh4 26. g3 Qf6 27. hxg6 hxg6 28. Bg2 Bxa4 29. Rxa4 c3 30. bxc3 Rxc3 31. Qh4 Qxh4 32. gxh4 Nc5 33. Ra2 Kg7 34. h5 gxh5 35. Rg1 Rg8 36. Rb2 Kf8 37. Bf1 Rxf3 38. Rb6 Rxg1+ 39. Kxg1 Nxe4 0-1

[Event "SWE-chT 2223 Elite"]
[Site "Sweden"]
[Date "2023.01.21"]
[Round "4.3"]
[White "Berg, Emanuel"]
[Black "Namini, Armin"]
[Result "1-0"]
[WhiteElo "2506"]
[BlackElo "2189"]
[PlyCount "101"]
[EventDate "2022.10.14"]
[EventType "team-tourn"]
[EventRounds "9"]
[EventCountry "SWE"]
[SourceTitle "CBM 213 Extra"]
[Source "ChessBase"]
[SourceDate "2023.05.31"]
[SourceVersion "1"]
[SourceVersionDate "2023.05.31"]
[SourceQuality "1"]
[WhiteTeam "Wasa SK"]
[BlackTeam "Farsta SK"]
[WhiteTeamCountry "SWE"]
[BlackTeamCountry "SWE"]

1. e4 c5 2. Nf3 d6 3. d4 Nf6 4. Nc3 cxd4 5. Nxd4 Nc6 6. Bg5 e6 7. Qd2 a6 8. 0-0-0 Bd7 9. f3 Nxd4 10. Qxd4 Be7 11. Kb1 Qc7 12. Qd2 b5 13. Bd3 b4 14. Ne2 a5 15. Nd4 Rb8 16. g4 a4 17. Be3 a3 18. g5 Nh5 19. b3 e5 20. Ne2 0-0 21. Rc1 Be6 22. c3 Qb7 23. cxb4 d5 24. Bc5 Rfd8 25. Qe3 Bxc5 26. Qxc5 Qxb4 27. Qxb4 Rxb4 28. Rhd1 dxe4 29. Bxe4 Rxd1 30. Rxd1 f5 31. gxf6 Nxf6 32. Rd8+ Kf7 33. Nc3 g5 34. Ra8 g4 35. Ra7+ Kf8 36. Rxa3 gxf3 37. Bxf3 Rh4 38. Bd1 h5 39. Ra5 e4 40. b4 Rh3 41. Rc5 Ke7 42. b5 Nd7 43. Rc7 Kd8 44. Rc6 Bf5 45. Bc2 h4 46. a4 Rxh2 47. a5 Ne5 48. a6 Nxc6 49. bxc6 Rxc2 50. Kxc2 e3+ 51. Kc1 1-0

[Event "Rilton Cup 49th"]
[Site "Stockholm"]
[Date "2020.01.05"]
[Round "9"]
[White "Namini, Armin"]
[Black "Pavlov, Mark"]
[Result "0-1"]
[WhiteElo "2218"]
[BlackElo "2166"]
[PlyCount "64"]
[EventDate "2019.12.27"]
[EventType "swiss"]
[EventRounds "9"]
[EventCountry "SWE"]
[SourceTitle "EXT 2021"]
[Source "ChessBase"]
[SourceDate "2020.10.23"]
[SourceVersion "1"]
[SourceVersionDate "2020.10.23"]
[SourceQuality "1"]

1. c4 g6 2. g3 Bg7 3. Bg2 e5 4. Nc3 d6 5. d3 Nc6 6. e4 Nge7 7. Nge2 0-0 8. 0-0 f5 9. Nd5 fxe4 10. dxe4 Nxd5 11. cxd5 Nd4 12. Qd3 Bd7 13. Nxd4 exd4 14. Bf4 g5 15. Bd2 g4 16. Bf4 Qe8 17. Qd2 Qg6 18. Rac1 c5 19. b4 c4 20. Rfe1 c3 21. Qd1 Be5 22. Bxe5 dxe5 23. Bf1 Qf6 24. Qc2 Rac8 25. Bd3 Ba4 26. Qe2 Qf3 27. Qf1 h5 28. Be2 Qf6 29. Qg2 c2 30. Qf1 Rc3 31. b5 Qh6 32. Kh1 Qd2 0-1

[Event "Rilton Cup 49th"]
[Site "Stockholm"]
[Date "2020.01.04"]
[Round "8"]
[White "Cherepov, Alexej"]
[Black "Namini, Armin"]
[Result "1/2-1/2"]
[WhiteElo "2184"]
[BlackElo "2218"]
[PlyCount "40"]
[EventDate "2019.12.27"]
[EventType "swiss"]
[EventRounds "9"]
[EventCountry "SWE"]
[SourceTitle "CBM 194 Extra"]
[Source "ChessBase"]
[SourceDate "2020.03.31"]
[SourceVersion "1"]
[SourceVersionDate "2020.03.31"]
[SourceQuality "1"]

1. d4 Nf6 2. c4 c6 3. Nc3 d5 4. e3 a6 5. Nf3 Bf5 6. Qb3 Ra7 7. a4 e6 8. a5 Nbd7 9. Be2 h6 10. 0-0 Bd6 11. Bd2 0-0 12. Rfd1 Re8 13. Be1 Qb8 14. h3 Qd8 15. Nd2 Bc7 16. Qa3 Bc2 17. Rdc1 Bg6 18. Rd1 Bc2 19. Rdc1 Bg6 20. Rd1 Bc2 1/2-1/2

[Event "Rilton Cup 49th"]
[Site "Stockholm"]
[Date "2019.12.29"]
[Round "3"]
[White "Eggleston, David"]
[Black "Namini, Armin"]
[Result "1-0"]
[WhiteElo "2404"]
[BlackElo "2218"]
[PlyCount "167"]
[EventDate "2019.12.27"]
[EventType "swiss"]
[EventRounds "9"]
[EventCountry "SWE"]
[SourceTitle "CBM 194 Extra"]
[Source "ChessBase"]
[SourceDate "2020.03.31"]
[SourceVersion "1"]
[SourceVersionDate "2020.03.31"]
[SourceQuality "1"]

1. e4 c5 2. Nf3 d6 3. d4 Nf6 4. Nc3 cxd4 5. Nxd4 a6 6. h3 e6 7. g4 Nc6 8. g5 Nd7 9. h4 Nxd4 10. Qxd4 b5 11. a3 Bb7 12. Be3 Ne5 13. Be2 Rc8 14. h5 Nc6 15. Qd2 Qa5 16. f3 Be7 17. Rd1 Rd8 18. Kf2 Qc7 19. g6 Bf6 20. Kg2 fxg6 21. hxg6 h6 22. Rdg1 Ne5 23. Kf1 Nc4 24. Bxc4 Qxc4+ 25. Qd3 Rc8 26. Qxc4 Rxc4 27. Ke2 d5 28. exd5 exd5 29. Bd2 0-0 30. Kd1 a5 31. Nxb5 d4 32. Rh3 Be7 33. b3 Rcc8 34. Re1 Rfe8 35. Nxd4 Bxa3 36. Rxe8+ Rxe8 37. Bxa5 Bc5 38. Ne2 Re6 39. Nf4 Rf6 40. Nd3 Bd6 41. f4 Rxg6 42. Bc3 Bg2 43. Rh2 Be4 44. Be5 Be7 45. Kd2 Bf3 46. Rf2 Bb7 47. f5 Rb6 48. Bd4 Rd6 49. Be5 Rb6 50. Re2 Bg5+ 51. Bf4 Bf3 52. Rf2 Bxf4+ 53. Nxf4 Be4 54. Ng6 Kf7 55. Ke3 Bb7 56. Ne5+ Ke7 57. Rf4 Rb5 58. Ng4 h5 59. f6+ Kf7 60. fxg7+ Kxg7 61. Nf2 Kg6 62. Ne4 Rb6 63. Nc5 Bc8 64. c4 Kg5 65. Rf8 Bg4 66. Rg8+ Kh4 67. Kd4 Kh3 68. Kc3 Rf6 69. b4 Rf3+ 70. Kd4 Rf4+ 71. Kd3 Bf5+ 72. Kc3 Rf1 73. b5 Rb1 74. Nb3 Be4 75. b6 h4 76. Rg7 Kh2 77. Nd2 Rc1+ 78. Kd4 Rd1 79. Kxe4 Rxd2 80. b7 Rb2 81. c5 h3 82. c6 Kh1 83. Rg8 h2 84. Rh8 1-0

[Event "Hasselbacken op"]
[Site "Stockholm"]
[Date "2019.11.02"]
[Round "6"]
[White "Namini, Armin"]
[Black "Akesson, Ralf"]
[Result "0-1"]
[WhiteElo "2236"]
[BlackElo "2376"]
[PlyCount "78"]
[EventDate "2019.11.01"]
[EventType "swiss"]
[EventRounds "8"]
[EventCountry "SWE"]
[SourceTitle "CBM 192 Extra"]
[Source "Chessbase"]
[SourceDate "2019.11.06"]
[SourceVersion "1"]
[SourceVersionDate "2019.11.06"]
[SourceQuality "1"]

1. c4 e6 2. g3 d5 3. Bg2 Nf6 4. Nf3 dxc4 5. Na3 Bxa3 6. bxa3 0-0 7. 0-0 b6 8. Bb2 Bb7 9. Qc2 Nbd7 10. Qxc4 c5 11. Rfd1 Rc8 12. d3 Qc7 13. Qh4 Qb8 14. Rac1 Rfd8 15. Qg5 h6 16. Qh4 Bd5 17. g4 Bxf3 18. Bxf3 Ne5 19. Qg3 Nxf3+ 20. Qxf3 e5 21. Qg3 Re8 22. Rc2 Re6 23. h3 Rce8 24. Rc4 Qd6 25. Rf1 Nd5 26. Re4 Nf6 27. Rc4 Qd5 28. e4 Qd6 29. f4 exf4 30. Rxf4 Nh7 31. e5 Qd5 32. h4 Nf8 33. g5 h5 34. Qf3 Qxf3 35. Rxf3 Ng6 36. d4 cxd4 37. Bxd4 Nxh4 38. Rh3 Nf5 39. Rxh5 b5 0-1

[Event "Hasselbacken op"]
[Site "Stockholm"]
[Date "2019.11.01"]
[Round "4"]
[White "Sjodahl, Pontus"]
[Black "Namini, Armin"]
[Result "1/2-1/2"]
[WhiteElo "2440"]
[BlackElo "2236"]
[PlyCount "136"]
[EventDate "2019.11.01"]
[EventType "swiss"]
[EventRounds "8"]
[EventCountry "SWE"]
[SourceTitle "CBM 192 Extra"]
[Source "Chessbase"]
[SourceDate "2019.11.06"]
[SourceVersion "1"]
[SourceVersionDate "2019.11.06"]
[SourceQuality "1"]

1. d4 Nf6 2. c4 g6 3. Nc3 Bg7 4. e4 d6 5. f3 0-0 6. Be3 c5 7. Nge2 Qa5 8. Qd2 Nc6 9. d5 Ne5 10. Nc1 a6 11. Nb3 Qb4 12. Nd1 Qxd2+ 13. Bxd2 e6 14. Bc3 Nh5 15. Ne3 f5 16. exf5 exf5 17. Kf2 Bd7 18. a4 Rae8 19. Nc2 Nf4 20. Nc1 Rb8 21. a5 b5 22. axb6 Rxb6 23. Ra2 Rfb8 24. g3 Nh5 25. Be2 Nf7 26. Bxg7 Kxg7 27. b3 f4 28. Bd1 Ne5 29. Ne1 g5 30. Ned3 Nxd3+ 31. Nxd3 Be8 32. Re1 Bg6 33. Nb2 Kf7 34. Na4 R6b7 35. Nc3 Rb6 36. Ra3 Nf6 37. Re2 Nd7 38. Rea2 Ra8 39. Ne2 Bd3 40. Nc1 Ne5 41. Be2 Bg6 42. Bf1 Ke7 43. Be2 Kd7 44. Bd1 Kc7 45. Bc2 Bxc2 46. Rxc2 Rf8 47. g4 h5 48. h3 Rh8 49. Kg2 Rh6 50. Rca2 Kb7 51. Rd2 Rh7 52. Nd3 Nxd3 53. Rxd3 hxg4 54. hxg4 Re7 55. Kf2 Rh7 56. Rd2 Rh2+ 57. Ke1 Rh3 58. Ke2 Ka7 59. Kf2 Rb8 60. Re2 Rh2+ 61. Ke1 Rxe2+ 62. Kxe2 Re8+ 63. Kf2 Re3 64. Kg2 Kb6 65. Kf2 Kb7 66. Kg2 Kb6 67. Kf2 Kb7 68. Kg2 Kb6 1/2-1/2

[Event "Stockholm op"]
[Site "Stockholm"]
[Date "2019.08.16"]
[Round "7"]
[White "Namini, Armin"]
[Black "Belokon, Artour"]
[Result "1-0"]
[WhiteElo "2237"]
[BlackElo "2007"]
[PlyCount "61"]
[EventDate "2019.08.12"]
[EventType "swiss"]
[EventRounds "9"]
[EventCountry "SWE"]
[SourceTitle "EXT 2020"]
[Source "ChessBase"]
[SourceDate "2019.10.17"]
[SourceVersion "1"]
[SourceVersionDate "2019.10.17"]
[SourceQuality "1"]

1. c4 e6 2. g3 d5 3. Bg2 c6 4. Nf3 f5 5. 0-0 Nf6 6. d3 Be7 7. Nc3 0-0 8. e4 d4 9. Ne2 c5 10. exf5 exf5 11. b4 Nc6 12. b5 Nb8 13. Nf4 Bd6 14. Ng5 Bxf4 15. Bxf4 h6 16. Nf3 Re8 17. Qd2 Nbd7 18. Rfe1 Nf8 19. Rxe8 Nxe8 20. Re1 Nf6 21. Be5 a6 22. Bxf6 Qxf6 23. Re8 axb5 24. Ne5 Kh7 25. Bd5 bxc4 26. dxc4 Ne6 27. f4 Nf8 28. Qe2 Rb8 29. Qh5 g6 30. Rxf8 Qg7 31. Nxg6 1-0

[Event "Stockholm op"]
[Site "Stockholm"]
[Date "2019.08.14"]
[Round "5"]
[White "Pettersson, Alexander"]
[Black "Namini, Armin"]
[Result "0-1"]
[WhiteElo "2075"]
[BlackElo "2237"]
[PlyCount "82"]
[EventDate "2019.08.12"]
[EventType "swiss"]
[EventRounds "9"]
[EventCountry "SWE"]
[SourceTitle "EXT 2020"]
[Source "ChessBase"]
[SourceDate "2019.10.17"]
[SourceVersion "1"]
[SourceVersionDate "2019.10.17"]
[SourceQuality "1"]

1. d4 Nf6 2. c4 g6 3. Nc3 Bg7 4. e4 d6 5. Bd3 0-0 6. Nge2 Nc6 7. 0-0 Nh5 8. Be3 e5 9. d5 Nd4 10. Bc2 Nxc2 11. Qxc2 f5 12. exf5 gxf5 13. f4 Kh8 14. c5 Bd7 15. cxd6 cxd6 16. Qb3 b5 17. Rac1 Qb8 18. a3 a5 19. Qd1 Nf6 20. b4 Ng4 21. Qd2 axb4 22. axb4 Nxe3 23. Qxe3 Ra3 24. Ra1 exf4 25. Qf2 Qa8 26. Rac1 Be5 27. Qh4 Rg8 28. Rf3 Rg4 29. Qf2 Ra1 30. Qe1 Ra7 31. h3 Rg5 32. Nxf4 Qg8 33. Nce2 Be8 34. Qf2 Ra2 35. Kh1 Bf7 36. Rd1 Bxf4 37. Rxf4 Qg7 38. Rc1 Qe5 39. Rc8+ Bg8 40. Qh4 Rg7 41. Nd4 Raxg2 0-1

[Event "Lund CellaVision Cup"]
[Site "Lund"]
[Date "2019.08.02"]
[Round "3"]
[White "Namini, Armin"]
[Black "Hansen, Torbjorn Ringdal"]
[Result "1/2-1/2"]
[WhiteElo "2237"]
[BlackElo "2432"]
[PlyCount "104"]
[EventDate "2019.08.02"]
[EventType "swiss"]
[EventRounds "8"]
[EventCountry "SWE"]
[SourceTitle "CBM 191 Extra"]
[Source "ChessBase"]
[SourceDate "2019.09.30"]
[SourceVersion "1"]
[SourceVersionDate "2019.09.30"]
[SourceQuality "1"]

1. c4 c5 2. Nf3 Nc6 3. d4 cxd4 4. Nxd4 Nf6 5. Nc3 e6 6. a3 d5 7. cxd5 exd5 8. g3 Bc5 9. Nb3 Bb6 10. Bg2 d4 11. Na4 0-0 12. 0-0 Re8 13. Bg5 h6 14. Nxb6 axb6 15. Bf4 Be6 16. Re1 Bd5 17. Qd3 Bxg2 18. Kxg2 Qd7 19. Rad1 Rad8 20. Qf3 Qe6 21. Nc1 g5 22. Bd2 Rd5 23. Qb3 Ne4 24. Nd3 Nc5 25. Nxc5 bxc5 26. Qxb7 Rb8 27. Qa6 Rxb2 28. Qc4 Ne5 29. Qc1 Rb3 30. h3 c4 31. Bb4 c3 32. Kh2 Rb2 33. Rxd4 Rxd4 34. Bxc3 Nf3+ 35. exf3 Rxf2+ 36. Kg1 Qxh3 37. Kxf2 Qh2+ 38. Ke3 Rd8 39. Be5 Re8 40. Kd4 Qf2+ 41. Qe3 Qb2+ 42. Qc3 Rd8+ 43. Ke4 Qb5 44. f4 g4 45. Kf5 Qd7+ 46. Ke4 Qb7+ 47. Kf5 Qd7+ 48. Ke4 Qd5+ 49. Kf5 Qe6+ 50. Ke4 Qd5+ 51. Kf5 Qe6+ 52. Ke4 Qd5+ 1/2-1/2

[Event "Djenovici TS05 IM 3rd"]
[Site "Djenovici"]
[Date "2019.05.21"]
[Round "5"]
[White "Rajkovic, Dusan"]
[Black "Namini, Armin"]
[Result "1/2-1/2"]
[WhiteElo "2292"]
[BlackElo "2229"]
[PlyCount "188"]
[EventDate "2019.05.18"]
[EventType "tourn"]
[EventRounds "9"]
[EventCountry "MNE"]
[SourceTitle "CBM 190 Extra"]
[Source "ChessBase"]
[SourceDate "2019.07.15"]
[SourceVersion "1"]
[SourceVersionDate "2019.07.15"]
[SourceQuality "1"]

1. d4 Nf6 2. c4 g6 3. Nc3 Bg7 4. e4 d6 5. Nge2 a6 6. Ng3 c6 7. h4 h5 8. Bg5 Nbd7 9. a4 a5 10. Qd2 Qb6 11. f3 0-0 12. Be3 Qc7 13. Be2 e5 14. d5 Nc5 15. Ra3 Re8 16. 0-0 Bd7 17. Rd1 Bf8 18. Nh1 Rad8 19. Nf2 Bc8 20. Na2 Be7 21. b4 axb4 22. Nxb4 Nh7 23. g3 f5 24. Nbd3 Nd7 25. dxc6 bxc6 26. Rb3 f4 27. gxf4 Bxh4 28. Kg2 c5 29. Rh1 Be7 30. f5 gxf5 31. exf5 Ndf6 32. Ne4 Bxf5 33. Ng3 Bg6 34. Nf2 Kf7 35. a5 Rg8 36. Kf1 Ra8 37. Ra3 Qc6 38. Rh3 Rab8 39. Ra1 Nf8 40. a6 Ne6 41. a7 Ra8 42. Nge4 Qd7 43. Qa5 Nxe4 44. fxe4 Rh8 45. Kg2 Bf6 46. Qb6 Bg5 47. Bd1 Bxe3 48. Rxe3 Qe7 49. Kf1 Kg7 50. Ra6 Rhd8 51. Rg3 Kh6 52. Ba4 Nd4 53. Kg2 Qf7 54. Qa5 Qf4 55. Qe1 Rg8 56. Bd7 Nf3 57. Qe2 Nh4+ 58. Kh2 Rg7 59. Rxd6 Rxa7 60. Be8 Rae7 61. Nh3 Qf8 62. Qe3+ Kh7 63. Bxg6+ Rxg6 64. Rdxg6 Nxg6 65. Qxc5 h4 66. Rg5 Qf6 67. Rf5 Qa6 68. Qd5 Qa2+ 69. Rf2 Qa3 70. Rf3 Qb2+ 71. Rf2 Qc3 72. Rf3 Qe1 73. Qd3 Ra7 74. Rf1 Ra2+ 75. Kg1 Qg3+ 76. Qxg3 hxg3 77. Ng5+ Kg7 78. Ne6+ Kh6 79. Rf3 Ra1+ 80. Rf1 Ra3 81. c5 Nh4 82. c6 Rc3 83. c7 Kh5 84. Ng7+ Kg4 85. Nf5 Nf3+ 86. Kh1 Rxc7 87. Ne3+ Kh3 88. Rxf3 Rc1+ 89. Nf1 Rxf1+ 90. Rxf1 g2+ 91. Kg1 gxf1R+ 92. Kxf1 Kg3 93. Ke2 Kf4 94. Kf2 Kxe4 1/2-1/2

[Event "Djenovici TS05 IM 3rd"]
[Site "Djenovici"]
[Date "2019.05.20"]
[Round "4"]
[White "Namini, Armin"]
[Black "Lyell, Mark"]
[Result "1/2-1/2"]
[WhiteElo "2229"]
[BlackElo "2256"]
[PlyCount "137"]
[EventDate "2019.05.18"]
[EventType "tourn"]
[EventRounds "9"]
[EventCountry "MNE"]
[SourceTitle "CBM 190 Extra"]
[Source "ChessBase"]
[SourceDate "2019.07.15"]
[SourceVersion "1"]
[SourceVersionDate "2019.07.15"]
[SourceQuality "1"]

1. c4 e5 2. Nc3 Bb4 3. Nd5 Bc5 4. e3 c6 5. d4 cxd5 6. dxc5 Qa5+ 7. Bd2 Qxc5 8. b4 Qe7 9. cxd5 Nf6 10. Qc2 0-0 11. e4 d6 12. Be2 Na6 13. Nf3 Bd7 14. 0-0 Rac8 15. Qd3 Nc7 16. a4 Nh5 17. Nxe5 Qxe5 18. f4 Qe8 19. Bxh5 Bxa4 20. Rfc1 Qd7 21. Qg3 f5 22. Bf3 Ne8 23. e5 Rxc1+ 24. Rxc1 Bb3 25. e6 Qb5 26. e7 Rf7 27. Bh5 Bxd5 28. Bxf7+ Kxf7 29. Bc3 Bc6 30. Re1 Qd5 31. h3 g6 32. Kh2 h6 33. Re2 Bb5 34. Re1 Bc6 35. Ba1 Qd2 36. Rg1 Qxb4 37. Qh4 g5 38. Qxh6 Qxf4+ 39. Kh1 Qg3 40. Qh7+ Ke6 41. Bd4 f4 42. Qh5 f3 43. Qg4+ Qxg4 44. hxg4 fxg2+ 45. Kh2 a5 46. Re1+ Kd7 47. Bc3 a4 48. Bd2 b5 49. Bxg5 b4 50. Bc1 Nf6 51. Kg3 Ne4+ 52. Kxg2 Kxe7 53. Kf3 d5 54. Ke3 Kf6 55. Kd4 b3 56. Rh1 Kg7 57. Bb2 Kg6 58. Rc1 Bb7 59. Ra1 Bc6 60. Rh1 Kg5 61. Rg1 Kg6 62. Bc1 Bb7 63. Rh1 Kg7 64. Rh5 Nd6 65. Re5 Kf7 66. Rh5 Kg7 67. Re5 Kf7 68. Rh5 Kg7 69. Re5 1/2-1/2

[Event "SWE-chT 1819 Elite"]
[Site "Sweden"]
[Date "2019.03.30"]
[Round "8.3"]
[White "Thornert, Hakan"]
[Black "Namini, Armin"]
[Result "0-1"]
[WhiteElo "2198"]
[BlackElo "2205"]
[PlyCount "136"]
[EventDate "2018.11.09"]
[EventType "team-tourn"]
[EventRounds "9"]
[EventCountry "SWE"]
[SourceTitle "CBM 189 Extra"]
[Source "ChessBase"]
[SourceDate "2019.06.03"]
[SourceVersion "1"]
[SourceVersionDate "2019.06.03"]
[SourceQuality "1"]
[WhiteTeam "Stockholm Rockaden"]
[BlackTeam "Farsta"]
[WhiteTeamCountry "SWE"]
[BlackTeamCountry "SWE"]

1. e4 c5 2. Nc3 Nc6 3. Nge2 g6 4. d4 cxd4 5. Nxd4 Bg7 6. Be3 Nf6 7. Nxc6 bxc6 8. e5 Ng8 9. Bd4 Qa5 10. e6 Nf6 11. exf7+ Kxf7 12. Bc4+ d5 13. Bb3 Re8 14. Be5 Kg8 15. 0-0 Be6 16. Re1 Bf7 17. Qf3 Nd7 18. Bxg7 Kxg7 19. Rad1 Rad8 20. h4 Nf6 21. Re5 Qc7 22. Rde1 h5 23. g3 Ng4 24. Rg5 e5 25. Ne2 c5 26. c4 e4 27. Qf4 Ne5 28. Kf1 Qe7 29. cxd5 Nf3 30. Nc3 Nxe1 31. Kxe1 Qf6 32. Qe3 Qd4 33. Qe2 Re5 34. Rxe5 Qxe5 35. Kf1 Re8 36. Kg2 e3 37. f3 Qd4 38. Kf1 Qd2 39. Ne4 Qc1+ 40. Kg2 Rd8 41. Nc3 a5 42. Nd1 Qd2 43. Kf1 Bxd5 44. Bxd5 Rxd5 45. Nxe3 Qc1+ 46. Qe1 Qxe1+ 47. Kxe1 Rd4 48. Ke2 a4 49. Nc2 Rd8 50. Na3 Kf6 51. Nc4 Rd4 52. Nd2 Ke6 53. Ke3 Kd5 54. b3 Rb4 55. Kd3 axb3 56. axb3 Rb8 57. Ke3 Rd8 58. Ne4 Kc6 59. Kf4 Rd3 60. Kg5 Rxf3 61. Kxg6 Rxb3 62. Kxh5 Kd5 63. Nxc5 Kxc5 64. g4 Kd6 65. g5 Ke7 66. g6 Kf8 67. Kh6 Kg8 68. h5 Rb5 0-1

[Event "SWE-chT 1819 Elite"]
[Site "Sweden"]
[Date "2019.03.29"]
[Round "7.5"]
[White "Namini, Armin"]
[Black "Isaksson, Henrik"]
[Result "1-0"]
[WhiteElo "2205"]
[BlackElo "2087"]
[PlyCount "171"]
[EventDate "2018.11.09"]
[EventType "team-tourn"]
[EventRounds "9"]
[EventCountry "SWE"]
[SourceTitle "CBM 189 Extra"]
[Source "ChessBase"]
[SourceDate "2019.06.03"]
[SourceVersion "1"]
[SourceVersionDate "2019.06.03"]
[SourceQuality "1"]
[WhiteTeam "Farsta"]
[BlackTeam "Umea Rockaden"]
[WhiteTeamCountry "SWE"]
[BlackTeamCountry "SWE"]

1. c4 e6 2. g3 d5 3. Bg2 Nf6 4. Nf3 Be7 5. 0-0 0-0 6. b3 c5 7. Bb2 Nc6 8. e3 b6 9. Nc3 Bb7 10. cxd5 Nxd5 11. Nxd5 Qxd5 12. d4 Qd8 13. Rc1 Rc8 14. Ne5 Ba8 15. dxc5 Nxe5 16. Bxe5 Bxg2 17. Kxg2 Rxc5 18. Rxc5 Bxc5 19. Qf3 Qa8 20. Rd1 Qxf3+ 21. Kxf3 f6 22. Bb2 Rf7 23. Rd8+ Rf8 24. Rd2 Rf7 25. Ke2 Rc7 26. Rc2 Rd7 27. a3 Kf7 28. b4 Bd6 29. Rc6 Ke7 30. e4 e5 31. Bc1 Rc7 32. Rxc7+ Bxc7 33. b5 Bd6 34. Kd3 Ke6 35. Kc4 g6 36. a4 Bc5 37. f3 Bg1 38. h3 Bf2 39. g4 g5 40. Ba3 Be3 41. Bb4 Bf2 42. Bd2 Kd6 43. Bb4+ Ke6 44. Bc3 Kd6 45. Bd2 Ke6 46. Bb4 Be3 47. Be1 Bg1 48. h4 gxh4 49. Bxh4 Be3 50. Bg3 Bd4 51. Bh2 Be3 52. Kd3 Bc5 53. Bg3 Bd4 54. Be1 Bc5 55. Bd2 Bd6 56. Be3 Bb4 57. Kc4 Bd6 58. a5 Bc7 59. axb6 axb6 60. Kb4 Bd6+ 61. Kc4 Bc7 62. Bg1 Bd8 63. Bf2 Bc7 64. Be3 Bd8 65. f4 exf4 66. Bxf4 Be7 67. Be3 Bd8 68. Bd4 Bc7 69. Kd3 Kf7 70. Ke2 Kg6 71. Kf3 Bd8 72. e5 fxe5 73. Bxe5 Bf6 74. Bc7 Bd4 75. Ke4 Bc5 76. Bd8 h5 77. gxh5+ Kxh5 78. Kd5 Kg6 79. Kc6 Kf7 80. Bxb6 Bb4 81. Bc7 Bd2 82. b6 Be3 83. b7 Ba7 84. Bb6 Bb8 85. Kd7 Kf6 86. Kc8 1-0

[Event "SWE-chT 1819 Elite"]
[Site "Sweden"]
[Date "2019.01.12"]
[Round "4.1"]
[White "Namini, Armin"]
[Black "Lindberg, Bo"]
[Result "0-1"]
[WhiteElo "2205"]
[BlackElo "2384"]
[PlyCount "84"]
[EventDate "2018.11.09"]
[EventType "team-tourn"]
[EventRounds "9"]
[EventCountry "SWE"]
[SourceTitle "CBM 189 Extra"]
[Source "ChessBase"]
[SourceDate "2019.06.03"]
[SourceVersion "1"]
[SourceVersionDate "2019.06.03"]
[SourceQuality "1"]
[WhiteTeam "Farsta"]
[BlackTeam "Wasa"]
[WhiteTeamCountry "SWE"]
[BlackTeamCountry "SWE"]

1. c4 b6 2. Nc3 Bb7 3. Nf3 Nf6 4. g3 g6 5. Bg2 Bg7 6. 0-0 0-0 7. Rb1 d5 8. cxd5 Nxd5 9. Qc2 c5 10. d3 Nc6 11. Bd2 Rc8 12. Qa4 e6 13. Rfc1 h6 14. a3 Qe7 15. Re1 a6 16. Qb3 b5 17. Rbc1 Nb6 18. Ne4 c4 19. Qa2 f5 20. Nc3 Kh7 21. Be3 Nd5 22. Bd2 Qc5 23. dxc4 bxc4 24. Na4 Qb5 25. Qxc4 Rfe8 26. b3 Re7 27. Nc5 Bb2 28. Qh4 Bxc1 29. Qxh6+ Kg8 30. Qxg6+ Rg7 31. Qxe6+ Rf7 32. Rxc1 Nd8 33. Qg6+ Rg7 34. Qh5 Rxc5 35. Rd1 Nf6 36. Qh4 Qxb3 37. Re1 Qe6 38. Be3 Rc4 39. Nd4 Qf7 40. Bxb7 Nxb7 41. Rb1 Nd5 42. Bh6 Rg4 0-1

[Event "SWE-chT 1718 Elite"]
[Site "Sweden"]
[Date "2018.02.03"]
[Round "5"]
[White "Berg, Emanuel"]
[Black "Namini, Armin"]
[Result "1-0"]
[WhiteElo "2551"]
[BlackElo "2180"]
[PlyCount "95"]
[EventDate "2017.10.20"]
[EventType "team-tourn"]
[EventRounds "9"]
[EventCountry "SWE"]
[SourceTitle "EXT 2019"]
[Source "ChessBase"]
[SourceDate "2018.10.10"]
[SourceVersion "1"]
[SourceVersionDate "2018.10.10"]
[SourceQuality "1"]
[WhiteTeam "Viking Team"]
[BlackTeam "Farsta"]
[WhiteTeamCountry "SWE"]
[BlackTeamCountry "SWE"]

1. e4 c5 2. Nf3 d6 3. d4 Nf6 4. Nc3 cxd4 5. Nxd4 Nc6 6. Bg5 Bd7 7. Qd2 Rc8 8. 0-0-0 Nxd4 9. Qxd4 Qa5 10. Qd2 h6 11. Bxf6 gxf6 12. Kb1 f5 13. exf5 Bg7 14. f6 Bxf6 15. Nd5 Qxd2 16. Nxf6+ exf6 17. Rxd2 Ke7 18. Be2 Rc5 19. Rhd1 Bf5 20. Bd3 Bc8 21. Be4 Rd8 22. Rd4 b5 23. a4 Be6 24. axb5 Rxb5 25. b3 a5 26. Kb2 Rdb8 27. Ra1 d5 28. Bf3 Rb4 29. Rad1 Rxd4 30. Rxd4 Rb4 31. Kc3 Rb5 32. Rh4 Rc5+ 33. Kb2 Rb5 34. Kc3 Rc5+ 35. Kd2 Bf5 36. Bd1 Rc8 37. Rxh6 Rg8 38. g3 Rb8 39. Rh4 Be4 40. f3 Bf5 41. Ra4 Ra8 42. Ke3 Bd7 43. Ra2 Kd6 44. c3 Kc5 45. Rxa5+ Rxa5 46. b4+ Kb6 47. bxa5+ Kxa5 48. Bb3 1-0

[Event "Rilton Cup 34th"]
[Site "Stockholm"]
[Date "2005.01.04"]
[Round "8"]
[White "Namini, Armin"]
[Black "Ozga, Magdalena"]
[Result "1-0"]
[WhiteElo "2132"]
[BlackElo "1911"]
[PlyCount "77"]
[EventDate "2004.12.27"]
[EventType "swiss"]
[EventRounds "9"]
[EventCountry "SWE"]
[SourceTitle "CBM 104 Extra"]
[Source "ChessBase"]
[SourceDate "2005.03.01"]
[SourceVersion "1"]
[SourceVersionDate "2005.03.01"]
[SourceQuality "1"]

1. d4 e6 2. g3 c5 3. Nf3 Nc6 4. Bg2 cxd4 5. Nxd4 d5 6. 0-0 Nf6 7. c4 Bc5 8. Nb3 Be7 9. cxd5 Nxd5 10. e3 0-0 11. Qe2 b6 12. Rd1 Qc7 13. e4 Nf6 14. Nc3 a6 15. Bf4 e5 16. Bg5 Bg4 17. Bf3 Bxf3 18. Qxf3 Ne8 19. Nd5 Qb7 20. Be3 b5 21. Nc5 Qb8 22. Nd7 Qb7 23. Nxe7+ Nxe7 24. Bc5 Nf6 25. Bxe7 Nxd7 26. Bxf8 Rxf8 27. Qf5 Nf6 28. Qxe5 Re8 29. Qc3 Rxe4 30. Rd8+ Re8 31. Rxe8+ Nxe8 32. Rd1 Qe7 33. Re1 Qd7 34. Qe5 Kf8 35. Qc5+ Nd6 36. Rd1 Ke7 37. Qg5+ Kf8 38. Qe5 Nc4 39. Qc5+ 1-0

[Event "Rilton Cup 34th"]
[Site "Stockholm"]
[Date "2005.01.03"]
[Round "7"]
[White "Namini, Armin"]
[Black "Tocklin, Tomi"]
[Result "1-0"]
[WhiteElo "2132"]
[BlackElo "1969"]
[PlyCount "65"]
[EventDate "2004.12.27"]
[EventType "swiss"]
[EventRounds "9"]
[EventCountry "SWE"]
[SourceTitle "CBM 104 Extra"]
[Source "ChessBase"]
[SourceDate "2005.03.01"]
[SourceVersion "1"]
[SourceVersionDate "2005.03.01"]
[SourceQuality "1"]

1. d4 Nf6 2. c4 c5 3. d5 b5 4. cxb5 a6 5. bxa6 Bxa6 6. Nc3 d6 7. e4 Bxf1 8. Kxf1 g6 9. Nf3 Bg7 10. g3 Nbd7 11. Kg2 0-0 12. Re1 Qa5 13. e5 Ng4 14. exd6 exd6 15. Bf4 Nge5 16. Nxe5 Nxe5 17. Ne4 Qa6 18. Bxe5 Bxe5 19. Nxc5 Qb5 20. Nd3 Qxd5+ 21. Qf3 Qxf3+ 22. Kxf3 Rfb8 23. Nxe5 dxe5 24. Reb1 Rc8 25. a4 e4+ 26. Kxe4 Rc4+ 27. Kd5 Rcxa4 28. Rxa4 Rxa4 29. b4 Kf8 30. Kc6 Ra2 31. b5 Rxf2 32. b6 Rc2+ 33. Kb5 1-0